000 00303nam a22001217a 4500
020 _a0321228103
082 _222
_a005.1
100 _aNantz, Brain.
245 _aOpen source :
_bnet development /
260 _aBoston,
_bAddison Wesley,
_cc2005.
300 _axix, 484p. ;
_bill. ;
_c23 cm.
942 _2ddc
_cIT
999 _c1955
_d1955